Mots: nourriture en (Q)-R-S (FR --> EN) - Statistiques

Statistiques générales
  • Ce quiz a été pris 32 fois
  • Le résultat moyen est 11 sur 13
Statistiques - réponses
Hint Réponse % Correct
Riz Rice
100%
Sel Salt
100%
Saumon Salmon
96%
Sucre Sugar
96%
Salade Salad
92%
Sauce Sauce
92%
Soupe Soup
88%
Salade de fruit Fruit salad
85%
Raisin Grape
85%
Saucisse Sausage
81%
Sauce soya Soy sauce
69%
Sirop d’érable Maple syrup
65%
Radis Radish
62%
Aucun quiz correspondant
Distribution des résultats
% des personnes avec chaque résultat
Percentile par nombre de réponses
Votre historique - résultats
Vous n’avez pas pris ce quiz